North American Sports Teams 1975-76 - Statistics

General Stats
  • This quiz has been taken 50 times
    24 since last reset
  • The average score is 102 of 139
Answer Stats
Hint Answer % Correct
Alberta WHA: Edmonton Oilers
100%
Texas NFL: Houston Oilers
100%
California NFL: Los Angeles Rams
100%
Arizona NBA: Phoenix Suns
100%
California NFL: San Diego Chargers
100%
California NFL: San Francisco 49ers
100%
Georgia MLB: Atlanta Braves
94%
Georgia NFL: Atlanta Falcons
94%
Georgia NBA: Atlanta Hawks
94%
British Columbia CFL: BC Lions
94%
New York NFL: Buffalo Bills
94%
New York NBA: Buffalo Braves
94%
California MLB: California Angels
94%
Illinois NFL: Chicago Bears
94%
Illinois NBA: Chicago Bulls
94%
Colorado WHA: Denver Spurs
94%
Michigan NFL: Detroit Lions
94%
California NBA: Golden State Warriors
94%
Texas NBA: Houston Rockets
94%
Missouri NBA: Kansas City Kings
94%
California NHL: Los Angeles Kings
94%
California NBA: Los Angeles Lakers
94%
Florida NFL: Miami Dolphins
94%
Wisconsin NBA: Milwaukee Bucks
94%
Minnesota MLB: Minnesota Twins
94%
Louisiana NFL: New Orleans Saints
94%
California MLB: Oakland Athletics
94%
California NFL: Oakland Raiders
94%
Oregon NBA: Portland Trail Blazers
94%
Texas ABA: San Antonio Spurs
94%
California MLB: San Francisco Giants
94%
Missouri MLB: | Missouri NFL: St. Louis Cardinals
94%
Texas MLB: Texas Rangers
94%
Georgia NHL: Atlanta Flames
88%
Maryland MLB: Baltimore Orioles
88%
Massachusetts NHL: Boston Bruins
88%
Massachusetts NBA: Boston Celtics
88%
Massachusetts MLB: Boston Red Sox
88%
New York NHL: Buffalo Sabres
88%
Alberta WHA: Calgary Cowboys
88%
Illinois NHL: Chicago Blackhawks
88%
Illinois MLB: Chicago Cubs
88%
Illinois MLB: Chicago White Sox
88%
Ohio NFL: Cincinnati Bengals
88%
Ohio MLB: Cincinnati Reds
88%
Ohio NFL: Cleveland Browns
88%
Ohio NBA: Cleveland Cavaliers
88%
Ohio MLB: Cleveland Indians
88%
Texas NFL: Dallas Cowboys
88%
Colorado NFL: Denver Broncos
88%
Colorado ABA: Denver Nuggets
88%
Wisconsin NFL: Green Bay Packers
88%
Texas MLB: Houston Astros
88%
Missouri NFL: Kansas City Chiefs
88%
Missouri MLB: Kansas City Royals
88%
California MLB: Los Angeles Dodgers
88%
Wisconsin MLB: Milwaukee Brewers
88%
Minnesota NFL: Minnesota Vikings
88%
Massachusetts NFL: New England Patriots
88%
New York NFL: New York Giants
88%
New York NFL: New York Jets
88%
New York NBA: New York Knicks
88%
New York MLB: New York Mets
88%
New York NHL: New York Rangers
88%
New York MLB: New York Yankees
88%
Pennsylvania NBA: Philadelphia 76ers
88%
Pennsylvania NFL: Philadelphia Eagles
88%
Pennsylvania MLB: Philadelphia Phillies
88%
Pennsylvania NHL: Pittsburgh Penguins
88%
Pennsylvania MLB: Pittsburgh Pirates
88%
Pennsylvania NFL: Pittsburgh Steelers
88%
California MLB: San Diego Padres
88%
Missouri NHL: St. Louis Blues
88%
Missouri NASL: St. Louis Stars
88%
Ontario NHL: Toronto Maple Leafs
88%
Utah ABA: Utah Stars
88%
DC NFL: Washington Redskins
88%
Manitoba WHA: Winnipeg Jets
88%
Michigan NBA: Detroit Pistons
81%
Michigan NHL: Detroit Red Wings
81%
Michigan MLB: Detroit Tigers
81%
Alberta CFL: Edmonton Eskimos
81%
Indiana ABA: Indiana Pacers
81%
Minnesota NHL: Minnesota North Stars
81%
New York NHL: New York Islanders
81%
Pennsylvania NHL: Philadelphia Flyers
81%
Washington NBA: Seattle SuperSonics
81%
British Columbia NHL: Vancouver Canucks
81%
DC NBA: Washington Bullets
81%
DC NHL: Washington Capitals
81%
Maryland NFL: Baltimore Colts
75%
Alberta CFL: Calgary Stampeders
75%
Missouri NHL: Kansas City Scouts
75%
Quebec NHL: Montreal Canadiens
75%
Quebec MLB: Montreal Expos
75%
Connecticut WHA: New England Whalers
75%
Louisiana NBA: New Orleans Jazz
75%
New York ABA: New York Nets
75%
California NHL: California Golden Seals
69%
Quebec CFL: Montreal Alouettes
69%
New York NASL: New York Cosmos
69%
Quebec WHA: Quebec Nordiques
69%
Ontario CFL: Toronto Argonauts
69%
Ontario CFL: Ottawa Rough Riders
63%
Saskatchewan CFL: Saskatchewan Roughriders
63%
British Columbia NASL: Vancouver Whitecaps
63%
Manitoba CFL: Winnipeg Blue Bombers
63%
Ontario CFL: Hamilton Tiger-Cats
56%
Texas WHA: Houston Aeros
56%
Illinois NASL: Chicago Sting
50%
Indiana WHA: Indianapolis Racers
50%
Kentucky ABA: Kentucky Colonels
50%
Florida NASL: Miami Toros
44%
Washington NASL: Seattle Sounders
44%
Ontario WHA: Toronto Toros
44%
Ohio WHA: Cincinnati Stingers
38%
Minnesota WHA: Minnesota Fighting Saints
38%
Arizona WHA: Phoenix Roadrunners
38%
Massachusetts NASL: Boston Minutemen
31%
Ohio WHA: Cleveland Crusaders
31%
Texas NASL: Dallas Tornado
31%
Oregon NASL: Portland Timbers
31%
Missouri ABA: Spirits of St. Louis
31%
California NASL: Los Angeles Aztecs
25%
California WHA: San Diego Mariners
25%
California NASL: San Jose Earthquakes
25%
Virginia ABA: Virginia Squires
25%
New York NASL: Rochester Lancers
19%
Florida NASL: Tampa Bay Rowdies
19%
Ontario NASL: Toronto Metros-Croatia
19%
DC NASL: Washington Diplomats
19%
Maryland NASL: Baltimore Comets
13%
Colorado NASL: Denver Dynamos
13%
Connecticut NASL: Hartford Bicentennials
13%
Pennsylvania NASL: Philadelphia Atoms
13%
California ABA: San Diego Sails
13%
Maryland ABA: Baltimore Claws
6%
Texas NASL: San Antonio Thunder
6%
No matching quizzes found
Score Distribution
Percent of People with Each Score
Percentile by Number Answered
Your Score History
You have not taken this quiz since the last reset